000 00343nam a2200145Ia 4500
008 191201s2012 xx 000 0 und d
082 _a658.15
_bROO
100 _aROBBINS, STEPHEN S and others
245 0 _aOrganizational Behavior
250 _aImp
260 _aN.Delhi
_bPearson
_c2012
300 _a623
650 _aMBA
942 _2ddc
_cBK
999 _c4024
_d4024